Design patterns Elemets of reusable object - oriented software

In this book, Erich Gamma, Richard Helm, Ralph Johnson, John Viissides introduce the principles of design patterns and then offer a catalog of such patterns. Thus, this book makrs two important contribution. First, it shows the role that patterns can play in architecting complex systems. Second, it...

Mô tả đầy đủ

Đã lưu trong:
Chi tiết về thư mục
Tác giả khác: Gamma, Erich, Helm, Richard, Johnson, Ralph, Viissides, John
Định dạng: Sách
Ngôn ngữ:Vietnamese
Được phát hành: Boston Addison - Wesley 1995
Những chủ đề:
Các nhãn: Thêm thẻ
Không có thẻ, Là người đầu tiên thẻ bản ghi này!
Thư viện lưu trữ: Thư viện Trường Đại học Nam Cần Thơ
LEADER 01326nam a22002297a 4500
001 NCT_4_001027
008 230913b xxu||||| |||| 00| 0 vie d
999 |c 7913  |d 7913 
020 |a 9780201633610  |c 1817100 
082 0 4 |2 23rd ed.  |a 005.12  |b D457P 
245 0 0 |a Design patterns  |b Elemets of reusable object - oriented software  |c Erich Gamma, Richard Helm, Ralph Johnson, John Viissides 
260 |a Boston  |b Addison - Wesley  |c 1995 
300 |a 395p.  |c 24 cm 
520 3 |a In this book, Erich Gamma, Richard Helm, Ralph Johnson, John Viissides introduce the principles of design patterns and then offer a catalog of such patterns. Thus, this book makrs two important contribution. First, it shows the role that patterns can play in architecting complex systems. Second, it provides a very pragmatic reference to a set of well-engineered patterns that the practicing developer can apply to crafting his or her own specific applications. 
653 |a Công nghệ Thông tin 
700 1 |a Gamma, Erich 
700 1 |a Helm, Richard 
700 1 |a Johnson, Ralph 
700 1 |a Viissides, John 
942 |2 ddc  |c BK 
952 |0 0  |1 0  |2 ddc  |4 0  |6 005_120000000000000_D457P  |7 0  |9 28102  |a 000001  |b 000001  |d 2023-09-13  |o 005.12 D457P  |p MD.21928  |r 2023-09-13  |v 999999.99  |w 2023-09-13  |y BK 
980 |a Thư viện Trường Đại học Nam Cần Thơ